000 01057nam0a22002891 4500
001 rc\2222351
005 20250623031741.0
035 _a(NLR Aleph) 006542961
090 _a6656818
_c6656818
100 _a20110826d1978 |||y0rusy50 ca
101 0 _arus
102 _aRU
105 _aa z |||||
200 1 _aРасчет оптимального положения щели закрытого ионного источника в синхроциклотроне
210 _aДубна
_cОИЯИ
_d1978
215 _a19 с.
_cил.
_d21
225 1 _aСообщения Объединенного института ядерных исследований
_vР 9-11722
320 _aБиблиогр.: с. 18-19 (6 назв.)
606 _aФазотроны
_xИонные источники
_xИспытание
_2psbo
686 _aВ381.123-4,09
_2rubbk
700 1 _aСафронов
_bА.Н.
801 0 _aRU
_bNLR
_gpsbo
801 1 _aRU
_bELAR
_2rusmarc
852 _aNLR
_jП11/2061
899 _aRuMoRGB
_jXXV 13/49
942 _cBOOK
980 _aNB